000 00418nam a22001697a 4500
005 20160611100828.0
008 160611b xxu||||| |||| 00| 0 eng d
020 _a81-7496-403-7
041 _aeng
082 _b6784
100 _aAggarawal, Rohini
_91681
245 _aBusiness Communication and Organisation & Management
260 _aDelhi
_bTaxmann
300 _a458
650 _aManagement
_9241
942 _cBK
999 _c2370
_d2369